00494 a2200169 450000100060000002000060000604000220001210000400003424000450007424500400011930000060015936200090016565000370017494200070021195200890021899900170030753438 a  cAnchieta - Pituba aSilva, Ana Paula Rocha Rodrigues da10a1ª Língua portuguesa, II unidadelpor10a1ª Língua portuguesa, II unidade a70 a2016 4aLínguas espanhola e portuguesa cBK 00104070a91.1b91.1d2023-11-21l0p2811/PITr2023-11-21 18:21:24w2023-11-21yBK c53438d53438